[Event "Campeonato España Sub 10"]
[Site "Salobreña"]
[Date "2017.07.04"]
[Round "3"]
[White "Habans Aguerrea, Javier"]
[Black "Diaz Lopez, Santigo David"]
[Result "1-0"]
[Board "5"]
[WhiteClock "n/a"]
[WhiteElo "1676"]
[WhiteCountry "ESP"]
[WhiteFideId "24524689"]
[WhiteEloChange "3"]
[BlackClock "n/a"]
[BlackElo "1342"]
[BlackCountry "ESP"]
[BlackFideId "24515922"]
[BlackEloChange "-3"]

1. d4 {[%clk 1:30:30]} g6 {[%clk 1:30:30]} 2. e4 {[%clk 1:30:30]} Bg7 {[%clk
1:30:30]} 3. Nf3 {[%clk 1:30:30]} d6 {[%clk 1:30:30]} 4. Bc4 {[%clk 1:30:30]} Nf6
{[%clk 1:30:30]} 5. Nc3 {[%clk 1:30:30]} O-O {[%clk 1:30:30]} 6. O-O {[%clk
1:30:30]} e5 {[%clk 1:30:30]} 7. dxe5 {[%clk 1:30:30]} dxe5 {[%clk 1:30:30]} 8.
Qxd8 {[%clk 1:30:30]} Rxd8 {[%clk 1:30:30]} 9. Nxe5 {[%clk 1:30:30]} Be6 {[%clk
1:30:30]} 10. Bxe6 {[%clk 1:30:30]} fxe6 {[%clk 1:30:30]} 11. Bg5 {[%clk
1:30:30]} h6 {[%clk 1:30:30]} 12. Bh4 {[%clk 1:30:30]} g5 {[%clk 1:30:30]} 13.
Bg3 {[%clk 1:30:30]} Nh5 {[%clk 1:30:30]} 14. Nf3 {[%clk 1:30:30]} Nxg3 {[%clk
1:30:30]} 15. hxg3 {[%clk 1:30:30]} Nc6 {[%clk 1:30:30]} 16. Rad1 {[%clk
1:30:30]} Nd4 {[%clk 1:30:30]} 17. Nxd4 {[%clk 1:30:30]} Rxd4 {[%clk 1:30:30]}
18. Rxd4 {[%clk 1:30:30]} Bxd4 {[%clk 1:30:30]} 19. Rd1 {[%clk 1:30:30]} Rd8
{[%clk 1:30:30]} 20. Nd5 {[%clk 1:30:30]} c5 {[%clk 1:30:30]} 21. Ne3 {[%clk
1:30:30]} Bf6 {[%clk 1:30:30]} 22. Rxd8+ {[%clk 1:30:30]} Bxd8 {[%clk 1:30:30]}
23. Nc4 {[%clk 1:30:30]} Bc7 {[%clk 1:30:30]} 24. Kf1 {[%clk 1:30:30]} Kf7 {[%clk
1:30:30]} 25. a4 {[%clk 1:30:30]} Ke7 {[%clk 1:30:30]} 26. Ke2 {[%clk 1:30:30]}
h5 {[%clk 1:30:30]} 27. Ke3 {[%clk 1:30:30]} e5 {[%clk 1:30:30]} 28. Kd3 {[%clk
1:30:30]} Kd7 {[%clk 1:30:30]} 29. Ne3 {[%clk 1:30:30]} Bb6 {[%clk 1:30:30]} 30.
Kc4 {[%clk 1:30:30]} Kc6 {[%clk 1:30:30]} 31. Nf5 {[%clk 1:30:30]} Bd8 {[%clk
1:30:30]} 32. Ng7 {[%clk 1:30:30]} h4 {[%clk 1:30:30]} 33. g4 {[%clk 1:30:30]} a6
{[%clk 1:30:30]} 34. Ne6 {[%clk 1:30:30]} b5+ {[%clk 1:30:30]} 35. axb5+ {[%clk
1:30:30]} axb5+ {[%clk 1:30:30]} 36. Kd3 {[%clk 1:30:30]} Be7 {[%clk 1:30:30]}
37. c4 {[%clk 1:30:30]} b4 {[%clk 1:30:30]} 38. Kc2 {[%clk 1:30:30]} Kb6 {[%clk
1:30:30]} 39. Kb3 {[%clk 1:30:30]} Ka5 {[%clk 1:30:30]} 40. f3 {[%clk 1:30:30]}
Kb6 {[%clk 1:30:30]} 41. Ka4 {[%clk 1:30:30]} Bf6 {[%clk 1:30:30]} 42. Nf8 {[%clk
1:30:30]} Kc6 {[%clk 1:30:30]} 43. Ka5 {[%clk 1:30:30]} Be7 {[%clk 1:30:30]} 44.
Ne6 {[%clk 1:30:30]} Bf6 {[%clk 1:30:30]} 45. Ka6 {[%clk 1:30:30]} Be7 {[%clk
1:30:30]} 46. Ka7 {[%clk 1:30:30]} Kd6 {[%clk 1:30:30]} 47. Ng7 {[%clk 1:30:30]}
Kc6 {[%clk 1:30:30]} 48. Kb8 {[%clk 1:30:30]} Bd6+ {[%clk 1:30:30]} 49. Ka7
{[%clk 1:30:30]} Kd7 {[%clk 1:30:30]} 50. Kb7 {[%clk 1:30:30]} Bc7 {[%clk
1:30:30]} 51. Ne6 {[%clk 1:30:30]} Bd6 {[%clk 1:30:30]} 52. Nxg5 {[%clk 1:30:30]}
Be7 {[%clk 1:30:30]} 53. Nh3 {[%clk 1:30:30]} b3 {[%clk 1:30:30]} 54. Kb6 {[%clk
1:30:30]} Bd8+ {[%clk 1:30:30]} 55. Kxc5 {[%clk 1:30:30]} Ba5 {[%clk 1:30:30]}
56. Nf2 {[%clk 1:30:30]} Bc3 {[%clk 1:30:30]} 57. Nd3 {[%clk 1:30:30]} Bd2 {[%clk
1:30:30]} 58. Kd5 {[%clk 1:30:30]} Bf4 {[%clk 1:30:30]} 59. Nxf4 {[%clk 1:30:30]}
exf4 {[%clk 1:30:30]} 60. e5 {[%clk 1:30:30]} Kc7 {[%clk 1:30:30]} 61. e6 {[%clk
1:30:30]} h3 {[%clk 1:30:30]} 62. gxh3 {[%clk 1:30:30]} Kb6 {[%clk 1:30:30]} 63.
e7 {[%clk 1:30:30]} Ka6 {[%clk 1:30:30]} 64. e8Q {[%clk 1:30:30]} 1-0

[Event "Campeonato España Sub 10"]
[Site "Salobreña"]
[Date "2017.07.04"]
[Round "3"]
[White "Rodriguez Lopez, Sergio"]
[Black "Vergara Anton, Diego"]
[Result "0-1"]
[Board "6"]
[WhiteClock "1:30"]
[WhiteElo "1376"]
[WhiteCountry "ESP"]
[WhiteFideId "24504777"]
[WhiteEloChange "-4"]
[BlackClock "1:30"]
[BlackElo "1628"]
[BlackCountry "ESP"]
[BlackFideId "24524310"]
[BlackEloChange "4"]

1. e4 {[%clk 1:30:00]} e6 {[%clk 1:30:00]} 2. d4 {[%clk 1:31:00]} d5 {[%clk
1:31:00]} 3. Nc3 {[%clk 1:30:00]} Bb4 {[%clk 1:31:00]} 4. exd5 {[%clk 1:31:00]}
exd5 {[%clk 1:31:00]} 5. Bd3 {[%clk 1:31:00]} Nf6 {[%clk 1:32:00]} 6. Ne2 {[%clk
1:30:00]} O-O {[%clk 1:32:00]} 7. O-O {[%clk 1:31:00]} Re8 {[%clk 1:31:00]} 8. a3
{[%clk 1:30:00]} Bd6 {[%clk 1:31:00]} 9. Re1 {[%clk 1:30:00]} c6 {[%clk 1:29:00]}
10. Bg5 {[%clk 1:28:00]} h6 {[%clk 1:27:00]} 11. Bh4 {[%clk 1:28:00]} Bxh2+
{[%clk 1:19:00]} 12. Kf1 {[%clk 1:23:00]} Bd6 {[%clk 1:18:00]} 13. Ng3 {[%clk
1:23:00]} Be6 {[%clk 1:17:00]} 14. Nf5 {[%clk 1:18:00]} Bxf5 {[%clk 1:12:00]} 15.
Bxf5 {[%clk 1:18:00]} Rxe1+ {[%clk 1:10:00]} 16. Qxe1 {[%clk 1:18:00]} g5 {[%clk
1:07:00]} 17. Bg3 {[%clk 1:19:00]} Bxg3 {[%clk 1:07:00]} 18. fxg3 {[%clk
1:19:00]} Nbd7 {[%clk 1:05:00]} 19. Qf2 {[%clk 1:19:00]} Nb6 {[%clk 1:04:00]} 20.
Kg1 {[%clk 1:19:00]} Nc4 {[%clk 1:00:00]} 21. Rf1 {[%clk 1:19:00]} Kg7 {[%clk
1:01:00]} 22. Rb1 {[%clk 1:07:00]} Nd6 {[%clk 1:00:00]} 23. Rf1 {[%clk 1:05:00]}
Nxf5 {[%clk 1:00:00]} 24. Qxf5 {[%clk 1:06:00]} Qd6 {[%clk 0:59:00]} 25. g4
{[%clk 1:04:00]} Re8 {[%clk 0:58:00]} 26. Na4 {[%clk 1:03:00]} b6 {[%clk
0:56:00]} 27. b4 {[%clk 1:03:00]} Re4 {[%clk 0:56:00]} 28. c3 {[%clk 1:02:00]}
Rxg4 {[%clk 0:56:00]} 29. Rf3 {[%clk 1:01:00]} Re4 {[%clk 0:54:00]} 30. Kf2
{[%clk 1:01:00]} Ng4+ {[%clk 0:54:00]} 31. Kf1 {[%clk 1:00:00]} Ne3+ {[%clk
0:54:00]} 32. Rxe3 {[%clk 0:59:00]} Rxe3 {[%clk 0:54:00]} 33. Qc2 {[%clk
0:59:00]} Re4 {[%clk 0:53:00]} 34. Nb2 {[%clk 0:59:00]} Qf6+ {[%clk 0:53:00]} 35.
Qf2 {[%clk 0:59:00]} Rf4 {[%clk 0:53:00]} 0-1

[Event "Campeonato España Sub 10"]
[Site "Salobreña"]
[Date "2017.07.04"]
[Round "3"]
[White "Cereijo Suarez, Alejandro"]
[Black "Bellver Gorshenin, Maxim"]
[Result "0-1"]
[Board "7"]
[WhiteClock "1:30"]
[WhiteElo "1327"]
[WhiteCountry "ESP"]
[WhiteFideId "24596116"]
[WhiteEloChange "-4"]
[BlackClock "1:30"]
[BlackElo "1595"]
[BlackCountry "ESP"]
[BlackFideId "24538671"]
[BlackEloChange "4"]

1. d4 {[%clk 1:30:00]} Nf6 {[%clk 1:30:00]} 2. c4 {[%clk 1:30:00]} g6 {[%clk
1:31:00]} 3. Nc3 {[%clk 1:30:00]} d5 {[%clk 1:31:00]} 4. cxd5 {[%clk 1:30:00]}
Nxd5 {[%clk 1:31:00]} 5. e4 {[%clk 1:30:00]} Nxc3 {[%clk 1:32:00]} 6. bxc3 {[%clk
1:31:00]} Bg7 {[%clk 1:32:00]} 7. Nf3 {[%clk 1:29:00]} O-O {[%clk 1:32:00]} 8.
Be2 {[%clk 1:28:00]} c5 {[%clk 1:32:00]} 9. O-O {[%clk 1:28:00]} Nc6 {[%clk
1:32:00]} 10. Be3 {[%clk 1:23:00]} Bg4 {[%clk 1:30:00]} 11. e5 {[%clk 1:21:00]}
Qc7 {[%clk 1:24:00]} 12. h3 {[%clk 1:18:00]} Bf5 {[%clk 1:16:00]} 13. Rc1 {[%clk
1:16:00]} Rfd8 {[%clk 1:15:00]} 14. Qd2 {[%clk 1:12:00]} Nxe5 {[%clk 1:12:00]}
15. Bf4 {[%clk 1:11:00]} Nxf3+ {[%clk 1:12:00]} 16. Bxf3 {[%clk 1:11:00]} Qd7
{[%clk 1:12:00]} 17. g4 {[%clk 1:10:00]} Be6 {[%clk 1:11:00]} 18. Rb1 {[%clk
1:10:00]} Bd5 {[%clk 1:10:00]} 19. Bxd5 {[%clk 1:10:00]} Qxd5 {[%clk 1:10:00]}
20. Rfe1 {[%clk 1:09:00]} e5 {[%clk 1:09:00]} 21. Bg5 {[%clk 1:06:00]} Rd7 {[%clk
1:08:00]} 22. Rb5 {[%clk 1:04:00]} exd4 {[%clk 1:07:00]} 23. cxd4 {[%clk
1:04:00]} Qxd4 {[%clk 1:06:00]} 24. Qxd4 {[%clk 1:04:00]} Bxd4 {[%clk 1:06:00]}
25. Rd1 {[%clk 1:04:00]} Bxf2+ {[%clk 1:06:00]} 26. Kxf2 {[%clk 1:04:00]} Rxd1
{[%clk 1:06:00]} 27. Rxb7 {[%clk 1:04:00]} Rc8 {[%clk 1:05:00]} 28. Rxa7 {[%clk
1:03:00]} c4 {[%clk 1:05:00]} 29. Re7 {[%clk 1:01:00]} c3 {[%clk 1:05:00]} 30.
Re1 {[%clk 1:01:00]} c2 {[%clk 1:03:00]} 31. Bc1 {[%clk 1:02:00]} Rxe1 {[%clk
1:02:00]} 32. Kxe1 {[%clk 1:02:00]} Rd8 {[%clk 1:03:00]} 33. Bd2 {[%clk 1:02:00]}
Ra8 {[%clk 1:03:00]} 34. Bc1 {[%clk 0:58:00]} Rxa2 {[%clk 1:03:00]} 35. Kd2
{[%clk 0:58:00]} Kg7 {[%clk 1:03:00]} 36. Kc3 {[%clk 0:58:00]} Kf6 {[%clk
1:03:00]} 37. Kb3 {[%clk 0:57:00]} Ra6 {[%clk 1:02:00]} 38. h4 {[%clk 0:56:00]}
Rb6+ {[%clk 1:02:00]} 39. Ka3 {[%clk 0:54:00]} Rb1 {[%clk 1:01:00]} 40. Bb2+
{[%clk 0:54:00]} Rxb2 {[%clk 1:01:00]} 41. Kxb2 {[%clk 0:54:00]} Ke5 {[%clk
1:01:00]} 42. Kxc2 {[%clk 0:55:00]} Kf4 {[%clk 1:02:00]} 43. g5 {[%clk 0:55:00]}
Kg4 {[%clk 1:02:00]} 44. Kd3 {[%clk 0:55:00]} Kxh4 {[%clk 1:02:00]} 45. Ke3
{[%clk 0:56:00]} Kxg5 {[%clk 1:03:00]} 46. Kf2 {[%clk 0:56:00]} Kf4 {[%clk
1:03:00]} 47. Kg2 {[%clk 0:56:00]} Ke3 {[%clk 1:03:00]} 48. Kg3 {[%clk 0:57:00]}
f5 {[%clk 1:03:00]} 49. Kg2 {[%clk 0:57:00]} f4 {[%clk 1:04:00]} 50. Kf1 {[%clk
0:57:00]} Kf3 {[%clk 1:04:00]} 0-1

[Event "Campeonato España Sub 10"]
[Site "Salobreña"]
[Date "2017.07.04"]
[Round "3"]
[White "Villanueva Marquez, Santiago"]
[Black "Arutyunyan, Mikael"]
[Result "1-0"]
[Board "8"]
[WhiteClock "1:29"]
[WhiteElo "1517"]
[WhiteCountry "ESP"]
[WhiteFideId "24560359"]
[WhiteEloChange "4"]
[BlackClock "1:30"]
[BlackElo "1300"]
[BlackCountry "ESP"]
[BlackFideId "24580520"]
[BlackEloChange "-4"]

1. c4 {[%clk 1:30:00]} Nf6 {[%clk 1:30:00]} 2. d4 {[%clk 1:30:00]} e5 {[%clk
1:31:00]} 3. dxe5 {[%clk 1:30:00]} Ng4 {[%clk 1:31:00]} 4. Bf4 {[%clk 1:30:00]}
g5 {[%clk 1:31:00]} 5. Bg3 {[%clk 1:30:00]} Bg7 {[%clk 1:32:00]} 6. Nf3 {[%clk
1:29:00]} Nc6 {[%clk 1:32:00]} 7. e3 {[%clk 1:25:00]} Ngxe5 {[%clk 1:31:00]} 8.
Nc3 {[%clk 1:23:00]} d6 {[%clk 1:30:00]} 9. h3 {[%clk 1:22:00]} Be6 {[%clk
1:29:00]} 10. Nd4 {[%clk 1:19:00]} Qd7 {[%clk 1:20:00]} 11. Ne4 {[%clk 1:13:00]}
h6 {[%clk 1:17:00]} 12. h4 {[%clk 1:13:00]} O-O-O {[%clk 1:14:00]} 13. hxg5
{[%clk 1:11:00]} Nxc4 {[%clk 1:14:00]} 14. Rc1 {[%clk 1:10:00]} Nxb2 {[%clk
1:11:00]} 15. Qd2 {[%clk 1:08:00]} Na4 {[%clk 1:08:00]} 16. Nxc6 {[%clk 1:09:00]}
bxc6 {[%clk 1:07:00]} 17. Qa5 {[%clk 1:07:00]} c5 {[%clk 1:07:00]} 18. Bb5 {[%clk
1:07:00]} Qe7 {[%clk 1:06:00]} 19. Qa6+ {[%clk 1:07:00]} Kb8 {[%clk 1:07:00]} 20.
Bxa4 {[%clk 1:06:00]} Bd5 {[%clk 1:06:00]} 21. Rb1+ {[%clk 1:07:00]} Ka8 {[%clk
1:07:00]} 22. Bc6+ {[%clk 1:07:00]} 1-0

[Event "Campeonato España Sub 10"]
[Site "Salobreña"]
[Date "2017.07.04"]
[Round "3"]
[White "Herranz Suarez, David"]
[Black "Puente Fernandez, Lucas"]
[Result "1-0"]
[Board "9"]
[WhiteClock "1:30"]
[WhiteElo "1502"]
[WhiteCountry "ESP"]
[WhiteFideId "24591211"]
[WhiteEloChange "4"]
[BlackClock "1:30"]
[BlackElo "1270"]
[BlackCountry "ESP"]
[BlackFideId "24560596"]
[BlackEloChange "-4"]

1. d4 {[%clk 1:30:00]} d5 {[%clk 1:30:00]} 2. Bf4 {[%clk 1:31:00]} Nf6 {[%clk
1:29:00]} 3. e3 {[%clk 1:31:00]} Bf5 {[%clk 1:29:00]} 4. Nf3 {[%clk 1:30:00]} e6
{[%clk 1:27:00]} 5. Nbd2 {[%clk 1:28:00]} Nbd7 {[%clk 1:24:00]} 6. Rc1 {[%clk
1:26:00]} Be7 {[%clk 1:24:00]} 7. c4 {[%clk 1:25:00]} c6 {[%clk 1:23:00]} 8. Be2
{[%clk 1:24:00]} O-O {[%clk 1:21:00]} 9. O-O {[%clk 1:22:00]} Rc8 {[%clk
1:17:00]} 10. Nh4 {[%clk 1:22:00]} b6 {[%clk 1:10:00]} 11. Nxf5 {[%clk 1:22:00]}
exf5 {[%clk 1:10:00]} 12. Qc2 {[%clk 1:20:00]} Ne4 {[%clk 1:04:00]} 13. Bd3
{[%clk 1:19:00]} Ndf6 {[%clk 1:02:00]} 14. f3 {[%clk 1:18:00]} Nxd2 {[%clk
0:54:00]} 15. Qxd2 {[%clk 1:19:00]} Bd6 {[%clk 0:49:00]} 16. Bxf5 {[%clk
1:18:00]} Rb8 {[%clk 0:49:00]} 17. Bxd6 {[%clk 1:16:00]} Qxd6 {[%clk 0:49:00]}
18. Qe1 {[%clk 1:16:00]} dxc4 {[%clk 0:48:00]} 19. Rxc4 {[%clk 1:16:00]} Qd5
{[%clk 0:44:00]} 20. Bd3 {[%clk 1:16:00]} Rfe8 {[%clk 0:41:00]} 21. e4 {[%clk
1:13:00]} Qe6 {[%clk 0:40:00]} 22. b3 {[%clk 1:12:00]} Nd5 {[%clk 0:34:00]} 23.
Rf2 {[%clk 1:10:00]} Nf4 {[%clk 0:32:00]} 24. Bf1 {[%clk 1:10:00]} Qg6 {[%clk
0:31:00]} 25. Kh1 {[%clk 1:09:00]} Qg5 {[%clk 0:27:00]} 26. Rxc6 {[%clk 1:09:00]}
Re6 {[%clk 0:25:00]} 27. Rfc2 {[%clk 1:08:00]} Rxc6 {[%clk 0:20:00]} 28. Rxc6
{[%clk 1:09:00]} Ne6 {[%clk 0:19:46]} 29. Qc3 {[%clk 1:08:00]} h6 {[%clk
0:19:03]} 30. d5 {[%clk 1:08:00]} Nf8 {[%clk 0:18:34]} 31. d6 {[%clk 1:08:00]}
Kh7 {[%clk 0:18:20]} 32. Bc4 {[%clk 1:07:00]} b5 {[%clk 0:15:11]} 33. Bxf7 {[%clk
1:07:00]} b4 {[%clk 0:15:16]} 34. Qc5 {[%clk 1:07:00]} Qf6 {[%clk 0:14:43]} 35.
Qf5+ {[%clk 1:07:00]} Qxf5 {[%clk 0:14:48]} 36. exf5 {[%clk 1:08:00]} Nd7 {[%clk
0:14:57]} 37. f4 {[%clk 1:08:00]} Rb5 {[%clk 0:14:40]} 38. Be6 {[%clk 1:08:00]}
Nf8 {[%clk 0:14:39]} 39. d7 {[%clk 1:07:00]} Nxe6 {[%clk 0:15:00]} 40. fxe6
{[%clk 1:08:00]} Rd5 {[%clk 0:15:11]} 41. Kg1 {[%clk 1:08:00]} Rd1+ {[%clk
0:14:56]} 42. Kf2 {[%clk 1:09:00]} Rd2+ {[%clk 0:15:11]} 43. Ke3 {[%clk 1:09:00]}
Rd1 {[%clk 0:14:48]} 44. e7 {[%clk 1:09:00]} Rxd7 {[%clk 0:14:42]} 45. e8Q {[%clk
1:09:00]} Rd1 {[%clk 0:15:05]} 46. Qe4+ {[%clk 1:09:00]} 1-0

[Event "Campeonato España Sub 10"]
[Site "Salobreña"]
[Date "2017.07.04"]
[Round "3"]
[White "Domene Mulyukov, Alexander"]
[Black "Llamas Martinez, Pablo"]
[Result "1/2-1/2"]
[Board "10"]
[WhiteClock "1:30"]
[WhiteElo "1326"]
[WhiteCountry "ESP"]
[WhiteFideId "24589802"]
[WhiteEloChange "4"]
[BlackClock "1:30"]
[BlackElo "1453"]
[BlackCountry "ESP"]
[BlackFideId "24544582"]
[BlackEloChange "-4"]

1. e4 {[%clk 1:30:00]} c5 {[%clk 1:30:00]} 2. Nf3 {[%clk 1:31:00]} Nc6 {[%clk
1:30:00]} 3. d4 {[%clk 1:31:00]} cxd4 {[%clk 1:30:00]} 4. Nxd4 {[%clk 1:32:00]}
Nf6 {[%clk 1:31:00]} 5. Nc3 {[%clk 1:32:00]} e5 {[%clk 1:31:00]} 6. Ndb5 {[%clk
1:32:00]} d6 {[%clk 1:31:00]} 7. Nd5 {[%clk 1:32:00]} Nxd5 {[%clk 1:30:00]} 8.
exd5 {[%clk 1:33:00]} Nb8 {[%clk 1:29:00]} 9. c4 {[%clk 1:33:00]} Bd7 {[%clk
1:15:00]} 10. a4 {[%clk 1:30:00]} Bxb5 {[%clk 1:12:00]} 11. axb5 {[%clk 1:30:00]}
Nd7 {[%clk 1:10:00]} 12. Be3 {[%clk 1:27:00]} Be7 {[%clk 1:02:00]} 13. Bxa7
{[%clk 1:26:00]} b6 {[%clk 1:01:00]} 14. b4 {[%clk 1:25:00]} Qc7 {[%clk 0:59:00]}
15. Qa4 {[%clk 1:24:00]} O-O {[%clk 0:53:00]} 16. Be2 {[%clk 1:24:00]} Rfb8
{[%clk 0:46:00]} 17. Bxb8 {[%clk 1:22:00]} Rxa4 {[%clk 0:46:00]} 18. Rxa4 {[%clk
1:22:00]} Nxb8 {[%clk 0:38:00]} 19. O-O {[%clk 1:22:00]} Bg5 {[%clk 0:33:00]} 20.
Ra8 {[%clk 1:22:00]} 1/2-1/2

[Event "Campeonato España Sub 10"]
[Site "Salobreña"]
[Date "2017.07.04"]
[Round "3"]
[White "Moles Benali, Joan"]
[Black "Del Prado Rodriguez, Xulio"]
[Result "1/2-1/2"]
[Board "11"]
[WhiteClock "n/a"]
[WhiteElo "1310"]
[WhiteCountry "ESP"]
[WhiteFideId "24560553"]
[WhiteEloChange "4"]
[BlackClock "n/a"]
[BlackElo "1444"]
[BlackCountry "ESP"]
[BlackFideId "24544418"]
[BlackEloChange "-4"]

1. c4 {[%clk 1:30:30]} e5 {[%clk 1:30:30]} 2. Nc3 {[%clk 1:30:30]} Nf6 {[%clk
1:30:30]} 3. g3 {[%clk 1:30:30]} d5 {[%clk 1:30:30]} 4. cxd5 {[%clk 1:30:30]}
Nxd5 {[%clk 1:30:30]} 5. Bg2 {[%clk 1:30:30]} Nb6 {[%clk 1:30:30]} 6. Nf3 {[%clk
1:30:30]} Nc6 {[%clk 1:30:30]} 7. d3 {[%clk 1:30:30]} Be7 {[%clk 1:30:30]} 8. O-O
{[%clk 1:30:30]} O-O {[%clk 1:30:30]} 9. a3 {[%clk 1:30:30]} Be6 {[%clk 1:30:30]}
10. b4 {[%clk 1:30:30]} a5 {[%clk 1:30:30]} 11. b5 {[%clk 1:30:30]} Nd4 {[%clk
1:30:30]} 12. Nxe5 {[%clk 1:30:30]} Bf6 {[%clk 1:30:30]} 13. f4 {[%clk 1:30:30]}
Nb3 {[%clk 1:30:30]} 14. Rb1 {[%clk 1:30:30]} Qd4+ {[%clk 1:30:30]} 15. Kh1
{[%clk 1:30:30]} Qxc3 {[%clk 1:30:30]} 16. Bxb7 {[%clk 1:30:30]} Ra7 {[%clk
1:30:30]} 17. Bg2 {[%clk 1:30:30]} Nxc1 {[%clk 1:30:30]} 18. Rxc1 {[%clk
1:30:30]} Qxa3 {[%clk 1:30:30]} 19. Nc6 {[%clk 1:30:30]} Raa8 {[%clk 1:30:30]}
20. Ne5 {[%clk 1:30:30]} Rac8 {[%clk 1:30:30]} 21. Bb7 {[%clk 1:30:30]} Bd5+
{[%clk 1:30:30]} 22. Bxd5 {[%clk 1:30:30]} Nxd5 {[%clk 1:30:30]} 23. Nd7 {[%clk
1:30:30]} Ne3 {[%clk 1:30:30]} 24. Qe1 {[%clk 1:30:30]} Nxf1 {[%clk 1:30:30]} 25.
Nxf8 {[%clk 1:30:30]} Nxg3+ {[%clk 1:30:30]} 26. hxg3 {[%clk 1:30:30]} Kxf8
{[%clk 1:30:30]} 27. b6 {[%clk 1:30:30]} c6 {[%clk 1:30:30]} 28. b7 {[%clk
1:30:30]} Rb8 {[%clk 1:30:30]} 29. Rb1 {[%clk 1:30:30]} Qd6 {[%clk 1:30:30]} 30.
Qxa5 {[%clk 1:30:30]} Qd5+ {[%clk 1:30:30]} 31. Qxd5 {[%clk 1:30:30]} cxd5 {[%clk
1:30:30]} 32. Kg2 {[%clk 1:30:30]} Ke7 {[%clk 1:30:30]} 33. Kf3 {[%clk 1:30:30]}
g6 {[%clk 1:30:30]} 34. Rb5 {[%clk 1:30:30]} Bg7 {[%clk 1:30:30]} 35. Rxd5 {[%clk
1:30:30]} Rxb7 {[%clk 1:30:30]} 36. Ke4 {[%clk 1:30:30]} Rb2 {[%clk 1:30:30]} 37.
Kf3 {[%clk 1:30:30]} Rb4 {[%clk 1:30:30]} 38. g4 {[%clk 1:30:30]} Rd4 {[%clk
1:30:30]} 39. Rb5 {[%clk 1:30:30]} Rd6 {[%clk 1:30:30]} 40. Rb4 {[%clk 1:30:30]}
Rd4 {[%clk 1:30:30]} 41. Rb3 {[%clk 1:30:30]} Bh6 {[%clk 1:30:30]} 42. f5 {[%clk
1:30:30]} Rd6 {[%clk 1:30:30]} 43. Ke4 {[%clk 1:30:30]} g5 {[%clk 1:30:30]} 44.
d4 {[%clk 1:30:30]} Bg7 {[%clk 1:30:30]} 45. e3 {[%clk 1:30:30]} Rd7 {[%clk
1:30:30]} 46. Kd3 {[%clk 1:30:30]} Be5 {[%clk 1:30:30]} 47. Rb6 {[%clk 1:30:30]}
Bd6 {[%clk 1:30:30]} 48. Ra6 {[%clk 1:30:30]} f6 {[%clk 1:30:30]} 49. Ra1 {[%clk
1:30:30]} Kf7 {[%clk 1:30:30]} 50. Rh1 {[%clk 1:30:30]} Kg7 {[%clk 1:30:30]} 51.
d5 {[%clk 1:30:30]} Be5 {[%clk 1:30:30]} 52. e4 {[%clk 1:30:30]} Rc7 {[%clk
1:30:30]} 53. Rb1 {[%clk 1:30:30]} Rc3+ {[%clk 1:30:30]} 54. Ke2 {[%clk 1:30:30]}
Rg3 {[%clk 1:30:30]} 55. Rb7+ {[%clk 1:30:30]} Kh6 {[%clk 1:30:30]} 56. Rd7
{[%clk 1:30:30]} Rxg4 {[%clk 1:30:30]} 57. Kd3 {[%clk 1:30:30]} Rg1 {[%clk
1:30:30]} 58. Kc4 {[%clk 1:30:30]} Re1 {[%clk 1:30:30]} 59. Kd3 {[%clk 1:30:30]}
g4 {[%clk 1:30:30]} 60. Kd2 {[%clk 1:30:30]} Rxe4 {[%clk 1:30:30]} 61. Rb7 {[%clk
1:30:30]} Rd4+ {[%clk 1:30:30]} 62. Ke2 {[%clk 1:30:30]} Rxd5 {[%clk 1:30:30]}
63. Rb1 {[%clk 1:30:30]} Kg5 {[%clk 1:30:30]} 64. Rh1 {[%clk 1:30:30]} h5 {[%clk
1:30:30]} 65. Ke3 {[%clk 1:30:30]} Bf4+ {[%clk 1:30:30]} 66. Ke4 {[%clk 1:30:30]}
Re5+ {[%clk 1:30:30]} 67. Kd3 {[%clk 1:30:30]} Rxf5 {[%clk 1:30:30]} 68. Ke2
{[%clk 1:30:30]} h4 {[%clk 1:30:30]} 69. Kf1 {[%clk 1:30:30]} g3 {[%clk 1:30:30]}
70. Kg2 {[%clk 1:30:30]} Kg4 {[%clk 1:30:30]} 71. Rh3 {[%clk 1:30:30]} Be3 {[%clk
1:30:30]} 72. Rxg3+ {[%clk 1:30:30]} hxg3 {[%clk 1:30:30]} 73. Kh1 {[%clk
1:30:30]} Rf1+ {[%clk 1:30:30]} 74. Kg2 {[%clk 1:30:30]} Rg1# {[%clk 1:30:30]}
1/2-1/2